Death Note Quiz #1 - Statistics

General Stats
  • This quiz has been taken 2,670 times
  • The average score is 13 of 15
Answer Stats
Question Answer % Correct
What is Ryuk's favourite food? Apples
96%
Whose Shinigami is Rem at first? Misa Amane
94%
Why did Soichiro Yagami died happy? He saw that Light wasn't Kira
89%
What is Misa Amane's job? Model
89%
How many siblings does Light have? 1
88%
Which Death Note rule was fake? If the user won't write names for 13 days consecutively he/she will die
86%
What is L's assistant's name? Watari
85%
Who shot Light Yagami in the last episode? Touta Matsuda
84%
What is Light Yagami's father? The Leader of the Japanese Task Force
83%
Naomi Misora died by: Suicide
81%
Why does Misa loves Kira? Kira killed her parents's murderers
80%
What was Raye Penber's job in Japan? Spying Light Yagami
80%
Who killed L? Rem
78%
“I know that voice. Why on earth can't I remember who it belongs to? Kira, who are you?” Who said this? Raye Penbar
69%
Who killed Light Yagami? Ryuk
69%
No matching quizzes found
Score Distribution
Percent of People with Each Score
Percentile by Number Answered
Your Score History
You have not taken this quiz